Podmienky úverovania malých a stredných podnikov na slovenskom bankovom trhu bakalárska práca

Saved in:
Bibliographic Details
Main Author: Jadamcová, Katarína
Corporate Author: Národohospodárska fakulta EU. Katedra bankovníctva a medzinárodných financií
Other Authors: Pilch, Ctibor, 1957-
Format: Book
Language:Slovak
Published: Bratislava 2015
Tags: Add Tag
No Tags, Be the first to tag this record!

MARC

LEADER 00000nbm a2200000 4500
001 0206405
005 20170306143710.1
041 0 |a slo 
044 |a SK 
245 1 0 |a Podmienky úverovania malých a stredných podnikov na slovenskom bankovom trhu  |b bakalárska práca  |c Katarína Jadamcová ; školiteľ: Ctibor Pilch 
264 1 |a Bratislava  |c 2015 
300 |a 41 s. 
100 1 |a Jadamcová, Katarína 
700 1 |a Pilch, Ctibor, 1957- 
710 2 |a Národohospodárska fakulta EU. Katedra bankovníctva a medzinárodných financií